000 00769cam a2200277 4500
001 J3269
008 090401t1995 xxu||||| |||| 00| 0 eng d
035 _a(Sirsi) u53998
041 _aeng
050 _a658.99
100 _aPokora, Julia
245 _aBuilding partnerships: teamworking and alliances in the construction industry.
260 _aAscot, Berks.
_bChartered Institute of Building
_c1995
300 _a7p. ; 30cm.
350 _a0
490 _aConstruction Papers
_v54
650 _aBUILDING INDUSTRY
650 _aPARTNERING
650 _aTEAMWORK
690 _aBUILT ENVIRONMENT
700 _aHastings, Colin
700 _aHarlow, Peter
_xEditor
710 _aChartered Institute of Building
_92134
942 _n0
948 _c04/03/1997
999 _c93386
_d93386